Un Edifici intel·ligent : nova Seu, Diputació de Barcelona nova Seu, Diputació de Barcelona
Descripción Física:
[8] p. : il., col. ; 30 cm
MARC
| LEADER | 00000nam a2200000Ia 4500 | ||
|---|---|---|---|
| 001 | 20018 | ||
| 008 | 160829s9999 xx 000 0 cat d | ||
| 080 | |a FU-11-40 | ||
| 110 | 1 | |a Barcelona (Catalunya : Província). |b Diputació |9 52408 | |
| 245 | |a Un Edifici intel·ligent : |b nova Seu, Diputació de Barcelona | ||
| 260 | |a Barcelona : |b la Diputació, [1985?] | ||
| 300 | |a [8] p. : |b il., col. ; |c 30 cm | ||
| 590 | |a Catàleg d'empreses col·laboradores amb la construcció de la nova Seu. | ||
| 590 | |a Text en català i castellà | ||
| 610 | 1 | 0 | |a Barcelona (Catalunya : Província). |b Diputació |x Edificis |9 54574 |
| 650 | |a Can Serra |9 30566 | ||
| 901 | |a Arxiu | ||
| 942 | |n 1 | ||
| 952 | |0 0 |1 0 |4 0 |6 FU1140 |7 1 |9 51872 |a Arxiu |b Arxiu |d 2016-12-01 |l 0 |o FU-11-40 |p 20018 |r 2016-12-01 00:00:00 |w 2016-12-01 |y ARXIU | ||
| 999 | |c 55718 |d 55718 | ||